Charakterystyka kosztów zasobów ludzkich na tle wybranych modeli kostów jakości
Saved in:
| Main Author: | |
|---|---|
| Other Authors: | |
| Format: | Book Chapter |
| Language: | Polish |
| Tags: |
No Tags, Be the first to tag this record!
|
MARC
| LEADER | 00000naa$a2200000$$$4500 | ||
|---|---|---|---|
| 001 | 0159488 | ||
| 005 | 20240502083352.4 | ||
| 041 | 0 | |a pol | |
| 044 | |a PL | ||
| 245 | 1 | 0 | |a Charakterystyka kosztów zasobów ludzkich na tle wybranych modeli kostów jakości |c Beáta Gavurová, Patrycja Pudło |
| 100 | 1 | |a Gavurová, Beáta, 1972- | |
| 700 | 1 | |a Pudło, Patrycja | |